000
00249nam a2200097Ia 4500
001
807719
005
20250826171236.0
008
250824s9999 xx 000 0 und d
245
0
_a
HOLLYWOODU KAPATTIĞIM GÜN
_c
ALEV ALATLI
260
_b
EVEREST YAYINLARI
999
_c
807719
_d
807719